[Event "Oberliga Ost B 2018 2019"]
[Site "?"]
[Date "2018.11.11"]
[Round "3.5"]
[White "Koller, Jens"]
[Black "Hellwig, Tobias"]
[Result "0-1"]
[WhiteElo "2192"]
[BlackElo "2196"]
[PlyCount "108"]
[EventDate "2018.10.21"]
[EventType "team-tourn"]
[EventCountry "GER"]
[WhiteTeam "Neuberg SF"]
[BlackTeam "Sangerhausen SV"]
[WhiteTeamCountry "GER"]
[BlackTeamCountry "GER"]

1. e4 Nf6 2. e5 Nd5 3. d4 d6 4. c4 Nb6 5. exd6 exd6 6. Nc3 Nc6 7. b3 Be7 8. Be3
O-O 9. h3 Bg5 10. Nf3 Bxe3 11. fxe3 Re8 12. Kf2 Bf5 13. Bd3 Bxd3 14. Qxd3 d5
15. c5 Nc8 16. Rhf1 N8e7 17. Rae1 f5 18. Ne2 Qd7 19. Nf4 Ng6 20. Nxg6 hxg6 21.
Kg1 Re7 22. Ng5 Rf8 23. Qd2 Nd8 24. Qf2 Nf7 25. Qh4 Nxg5 26. Qxg5 Rf6 27. Rf3
Qe6 28. Ref1 Ref7 29. h4 Qe4 30. Qg3 Re6 31. Qf2 c6 32. Kh1 Ref6 33. Rf4 Qe6
34. Qg3 Rf8 35. Qf2 Kf7 36. Kg1 Rh8 37. g3 Re8 38. Re1 Qd7 39. Qf3 Kg8 40. Kf2
Rf7 41. Rg1 Rfe7 42. Re1 Re4 43. Ke2 Rxe3+ 44. Qxe3 Rxe3+ 45. Kxe3 Qd8 46. Kd3
Qa5 47. Re2 Qa6+ 48. Ke3 b6 49. cxb6 axb6 50. Rc2 Qb5 51. g4 fxg4 52. Rxg4 c5
53. dxc5 bxc5 54. Rxg6 Qe8+ 0-1

[Event "Oberliga Ost B 2018 2019"]
[Site "?"]
[Date "2018.11.11"]
[Round "3.6"]
[White "Duchrow, Oliver"]
[Black "Schaffer, Hendrik"]
[Result "0-1"]
[WhiteElo "2103"]
[BlackElo "2260"]
[PlyCount "126"]
[EventDate "2018.10.21"]
[EventType "team-tourn"]
[EventCountry "GER"]
[WhiteTeam "Sangerhausen SV"]
[BlackTeam "Neuberg SF"]
[WhiteTeamCountry "GER"]
[BlackTeamCountry "GER"]

1. e4 Nc6 2. d4 e5 3. Nf3 exd4 4. Nxd4 Nf6 5. Nxc6 bxc6 6. Bd3 d5 7. Nd2 Bd6 8.
exd5 cxd5 9. Qe2+ Qe7 10. Qxe7+ Bxe7 11. Bb5+ Bd7 12. Bxd7+ Nxd7 13. O-O O-O
14. b3 Bf6 15. Rb1 Rfe8 16. Bb2 Re2 17. Rfd1 Rae8 18. Bxf6 Nxf6 19. h3 d4 20.
Kf1 Nd5 21. Re1 Nc3 22. a4 Kf8 23. Rbd1 c5 24. g4 h6 25. a5 a6 26. b4 cxb4 27.
Nb3 Rxe1+ 28. Rxe1 Rd8 29. Nc5 Rd6 30. Re5 Rc6 31. Nd7+ Kg8 32. Re8+ Kh7 33.
Nf8+ Kg8 34. Ne6+ Kh7 35. Nxd4 Rc4 36. Rd8 Nb1 37. Ke1 Na3 38. Kd1 Rc5 39. Rd6
Nc4 40. Rd7 Rxa5 41. Ke2 Ra2 42. Rc7 Nd6 43. Rd7 Ne4 44. Ke3 Ng5 45. h4 Ne6 46.
Nc6 Rxc2 47. Nxb4 Rc4 48. Nxa6 Rxg4 49. Rxf7 Rxh4 50. Nc7 Re4+ 51. Kxe4 Ng5+
52. Kf5 Nxf7 53. Ne6 Nd6+ 54. Ke5 Ne8 55. Kf5 g6+ 56. Kg4 Kg8 57. Nf4 Kf7 58.
Nh3 Kf6 59. Kf4 Ng7 60. Kg4 Ne6 61. f3 h5+ 62. Kg3 Kf5 63. Kg2 Nf4+ 0-1

[Event "Oberliga Ost B 2018 2019"]
[Site "?"]
[Date "2018.11.11"]
[Round "3.7"]
[White "Sergin, Mark"]
[Black "Buerckner, Georg"]
[Result "1-0"]
[WhiteElo "2174"]
[BlackElo "2047"]
[PlyCount "87"]
[EventDate "2018.10.21"]
[EventType "team-tourn"]
[EventCountry "GER"]
[WhiteTeam "Neuberg SF"]
[BlackTeam "Sangerhausen SV"]
[WhiteTeamCountry "GER"]
[BlackTeamCountry "GER"]

1. e4 e5 2. Nf3 Nc6 3. Bc4 d6 4. c3 Be7 5. d3 Nf6 6. Bb3 O-O 7. h3 d5 8. Nbd2
Be6 9. Bc2 dxe4 10. dxe4 Bc5 11. Qe2 Nd7 12. Nb3 Bb6 13. Ng5 Qf6 14. Nxe6 Qxe6
15. O-O Ne7 16. Nd2 a6 17. Bb3 Qf6 18. Nc4 Ba7 19. Ne3 Bxe3 20. Bxe3 Ng6 21.
Qg4 Rad8 22. Bg5 Qc6 23. Bxd8 Rxd8 24. Rad1 Nf4 25. Bd5 Qf6 26. Bxb7 Nc5 27.
Rxd8+ Qxd8 28. Rd1 Qb8 29. Qc8+ Qxc8 30. Bxc8 Kf8 31. g3 Ng6 32. b4 Nxe4 33.
Rd3 Nd6 34. Bxa6 e4 35. Rd5 Ke7 36. Be2 Kd7 37. a4 Ne7 38. Rh5 h6 39. Rc5 c6
40. b5 Kc7 41. a5 Kb7 42. bxc6+ Nxc6 43. Ba6+ Kc7 44. Bb5 1-0

[Event "Oberliga Ost B 2018 2019"]
[Site "?"]
[Date "2018.11.11"]
[Round "3.8"]
[White "Guenther, Christian"]
[Black "Hankel, Dennis"]
[Result "1/2-1/2"]
[WhiteElo "2152"]
[BlackElo "2117"]
[PlyCount "118"]
[EventDate "2018.10.21"]
[EventType "team-tourn"]
[EventCountry "GER"]
[WhiteTeam "Sangerhausen SV"]
[BlackTeam "Neuberg SF"]
[WhiteTeamCountry "GER"]
[BlackTeamCountry "GER"]

1. d4 d5 2. c4 c6 3. Nc3 e6 4. e3 Bd6 5. Nf3 f5 6. g3 Nf6 7. Bg2 O-O 8. O-O
Nbd7 9. b3 b6 10. Bb2 Bb7 11. Nd2 Rc8 12. Re1 Kh8 13. f3 c5 14. cxd5 exd5 15.
Qc2 f4 16. gxf4 cxd4 17. exd4 Nh5 18. Nf1 Qf6 19. Qf2 Nxf4 20. Re3 Qg6 21. Kh1
Nf6 22. Rd1 Ba6 23. Ba1 Rce8 24. Rxe8 Rxe8 25. Qg3 Qf5 26. Re1 Rxe1 27. Qxe1
Nxg2 28. Kxg2 Qc2+ 29. Qf2 Qc1 30. Bb2 Bxf1+ 31. Kg1 Qf4 32. Kxf1 Qxh2 33. Qxh2
Bxh2 34. Ba3 a6 35. Be7 Bc7 36. Ke2 Kg8 37. Ke3 Kf7 38. Bxf6 gxf6 39. Nxd5 Bd8
40. Ke4 Ke6 41. Nf4+ Kd6 42. Kf5 b5 43. Nh5 Kd5 44. Nxf6+ Kxd4 45. Nxh7 Kc3 46.
Nf8 a5 47. Ne6 Bh4 48. Ke4 Kb2 49. a4 b4 50. Nc5 Be7 51. Nb7 Kxb3 52. Nxa5+
Kxa4 53. Nc4 b3 54. Kd3 Bf6 55. f4 Kb4 56. f5 Kc5 57. Nd2 b2 58. Kc2 Kd5 59.
Nf3 Ke4 1/2-1/2

[Event "Oberliga Ost B 2018 2019"]
[Site "?"]
[Date "2018.12.15"]
[Round "4.1"]
[White "Strache, Michael"]
[Black "Teske, Henrik"]
[Result "0-1"]
[WhiteElo "2262"]
[BlackElo "2483"]
[PlyCount "72"]
[EventDate "2018.10.21"]
[EventType "team-tourn"]
[EventCountry "GER"]
[WhiteTeam "Sangerhausen SV"]
[BlackTeam "Erfurt SV Empor"]
[WhiteTeamCountry "GER"]
[BlackTeamCountry "GER"]

1. e4 c6 2. d4 d5 3. exd5 cxd5 4. c4 Nf6 5. Nc3 e6 6. c5 Be7 7. Nf3 O-O 8. Qc2
b6 9. b4 Nc6 10. b5 Nb4 11. Qb2 bxc5 12. dxc5 Bxc5 13. a3 d4 14. Na4 Nd3+ 15.
Bxd3 Qa5+ 16. Bd2 Qxa4 17. O-O Bd7 18. Bb4 Rfc8 19. Rfc1 Bb6 20. Rxc8+ Rxc8 21.
Nxd4 e5 22. Qb3 Qxb3 23. Nxb3 e4 24. Be2 Rc2 25. Kf1 Ng4 26. a4 Nxh2+ 27. Ke1
Ng4 28. Bxg4 Bxg4 29. Bd2 Bd7 30. a5 Bd8 31. Nd4 Rc4 32. Be3 Kf8 33. Rb1 Bxa5+
34. Ke2 Bb6 35. Nc6 Bxc6 36. bxc6 Rc2+ 0-1

[Event "Oberliga Ost B 2018 2019"]
[Site "?"]
[Date "2018.12.15"]
[Round "4.2"]
[White "Langheinrich, Ferenc"]
[Black "Engelmann, Jakob"]
[Result "1/2-1/2"]
[WhiteElo "2374"]
[BlackElo "2272"]
[PlyCount "41"]
[EventDate "2018.10.21"]
[EventType "team-tourn"]
[EventCountry "GER"]
[WhiteTeam "Erfurt SV Empor"]
[BlackTeam "Sangerhausen SV"]
[WhiteTeamCountry "GER"]
[BlackTeamCountry "GER"]

1. Nf3 Nf6 2. c4 c6 3. d4 d5 4. Nc3 a6 5. a4 e6 6. Bg5 Be7 7. e3 a5 8. Be2 Na6
9. O-O O-O 10. Qb3 Nb4 11. Na2 Nxa2 12. Rxa2 h6 13. Bxf6 Bxf6 14. Raa1 Qd6 15.
Rfd1 Re8 16. h3 g6 17. Rac1 Bg7 18. Qb6 Qd8 19. Qb3 Qd6 20. Qb6 Qd8 21. Qb3
1/2-1/2

[Event "Oberliga Ost B 2018 2019"]
[Site "?"]
[Date "2018.12.15"]
[Round "4.3"]
[White "Heyder, Florian"]
[Black "Urban, Lars"]
[Result "1/2-1/2"]
[WhiteElo "2210"]
[BlackElo "2195"]
[PlyCount "64"]
[EventDate "2018.10.21"]
[EventType "team-tourn"]
[EventCountry "GER"]
[WhiteTeam "Sangerhausen SV"]
[BlackTeam "Erfurt SV Empor"]
[WhiteTeamCountry "GER"]
[BlackTeamCountry "GER"]

1. e4 e6 2. d4 d5 3. Nc3 Nf6 4. e5 Nfd7 5. f4 c5 6. Nf3 Nc6 7. Be3 a6 8. Qd2 b5
9. Ne2 Bb7 10. c3 b4 11. Ng3 bxc3 12. bxc3 cxd4 13. Bxd4 Nc5 14. Be2 Ne4 15.
Qe3 Nxd4 16. Nxd4 Bc5 17. O-O O-O 18. Bd3 Nxg3 19. Qxg3 f5 20. Kh1 Qe8 21. Rab1
Rb8 22. Rb2 Bxd4 23. cxd4 Bc6 24. Rfb1 Rxb2 25. Rxb2 Bb5 26. Bxb5 axb5 27. Qd3
Qc6 28. Rc2 Qa6 29. h3 Rc8 30. Kh2 Rc4 31. Rd2 Qa5 32. Qe2 Qc3 1/2-1/2

[Event "Oberliga Ost B 2018 2019"]
[Site "?"]
[Date "2018.12.15"]
[Round "4.4"]
[White "Weishaeutel, Moritz"]
[Black "Hillmann, Michael"]
[Result "1-0"]
[WhiteElo "2243"]
[BlackElo "2154"]
[PlyCount "61"]
[EventDate "2018.10.21"]
[EventType "team-tourn"]
[EventCountry "GER"]
[WhiteTeam "Erfurt SV Empor"]
[BlackTeam "Sangerhausen SV"]
[WhiteTeamCountry "GER"]
[BlackTeamCountry "GER"]

1. e4 d5 2. exd5 Qxd5 3. Nc3 Qd6 4. d4 Nf6 5. Nf3 Bg4 6. h3 Bxf3 7. Qxf3 c6 8.
Bd3 e6 9. Ne2 Be7 10. O-O O-O 11. c4 Qc7 12. b3 Nbd7 13. Bb2 Rfe8 14. Rad1 a5
15. Nc3 Bf8 16. Bb1 Rab8 17. Qd3 g6 18. f4 Bh6 19. Qf3 Bg7 20. Kh1 b5 21. d5
exd5 22. cxd5 Nxd5 23. Nxd5 cxd5 24. Bxg7 Kxg7 25. f5 Nb6 26. Rc1 Qd7 27. Qf4
Rbc8 28. Qd4+ Kg8 29. Qxb6 Rxc1 30. Rxc1 gxf5 31. Qf2 1-0

[Event "Oberliga Ost B 2018 2019"]
[Site "?"]
[Date "2018.12.15"]
[Round "4.5"]
[White "Hellwig, Tobias"]
[Black "Michalowski, Peter"]
[Result "1/2-1/2"]
[WhiteElo "2216"]
[BlackElo "2089"]
[PlyCount "50"]
[EventDate "2018.10.21"]
[EventType "team-tourn"]
[EventCountry "GER"]
[WhiteTeam "Sangerhausen SV"]
[BlackTeam "Erfurt SV Empor"]
[WhiteTeamCountry "GER"]
[BlackTeamCountry "GER"]

1. d4 Nf6 2. Nf3 d5 3. c4 e6 4. Nc3 Bb4 5. a3 Bxc3+ 6. bxc3 Ne4 7. Qb3 c5 8.
Nd2 Nxd2 9. Bxd2 dxc4 10. Qxc4 cxd4 11. cxd4 O-O 12. g3 Bd7 13. Bg2 Bc6 14. f3
Qb6 15. Kf2 e5 16. Be3 Bb5 17. Qc3 exd4 18. Bxd4 Qg6 19. Rab1 Bc6 20. Rb2 Nd7
21. Bh3 Rfc8 22. Qe3 Re8 23. Qf4 Nb6 24. Bxb6 axb6 25. Qb4 Qh6 1/2-1/2

[Event "Oberliga Ost B 2018 2019"]
[Site "?"]
[Date "2018.12.15"]
[Round "4.7"]
[White "Buerckner, Georg"]
[Black "Heinke, Jasper"]
[Result "1/2-1/2"]
[WhiteElo "2032"]
[BlackElo "2014"]
[PlyCount "91"]
[EventDate "2018.10.21"]
[EventType "team-tourn"]
[EventCountry "GER"]
[WhiteTeam "Sangerhausen SV"]
[BlackTeam "Erfurt SV Empor"]
[WhiteTeamCountry "GER"]
[BlackTeamCountry "GER"]

1. e4 e6 2. c4 d5 3. exd5 exd5 4. d4 Nf6 5. Nf3 Be7 6. Bd3 dxc4 7. Bxc4 O-O 8.
O-O Bg4 9. Be3 Nbd7 10. Nbd2 Nb6 11. Bb3 Nbd5 12. Nc4 Bh5 13. Bg5 h6 14. Bh4
Nf4 15. Nce5 N6d5 16. Bxe7 Qxe7 17. g3 Nh3+ 18. Kg2 Qe6 19. Bxd5 Qxd5 20. Kxh3
f6 21. Qb3 Qxb3 22. axb3 fxe5 23. Nxe5 Be2 24. f4 Bxf1+ 25. Rxf1 Rad8 26. Nf3
Rfe8 27. Rf2 Re3 28. b4 Rb3 29. Kg4 Rxb4 30. Re2 Rb3 31. f5 Kf8 32. Kf4 Rb4 33.
Rc2 Rd7 34. g4 b6 35. g5 c5 36. gxh6 gxh6 37. Ke5 cxd4 38. Ke6 Re7+ 39. Kf6 d3
40. Rc8+ Re8 41. Rc7 Rd8 42. Rf7+ Kg8 43. Rg7+ Kf8 44. Rf7+ Kg8 45. Rg7+ Kf8
46. Rf7+ 1/2-1/2

[Event "Oberliga Ost B 2018 2019"]
[Site "?"]
[Date "2018.12.15"]
[Round "4.8"]
[White "Pichl, Michael"]
[Black "Guenther, Christian"]
[Result "0-1"]
[WhiteElo "2031"]
[BlackElo "2158"]
[PlyCount "136"]
[EventDate "2018.10.21"]
[EventType "team-tourn"]
[EventCountry "GER"]
[WhiteTeam "Erfurt SV Empor"]
[BlackTeam "Sangerhausen SV"]
[WhiteTeamCountry "GER"]
[BlackTeamCountry "GER"]

1. g3 e5 2. Bg2 d5 3. c4 Nf6 4. cxd5 Nxd5 5. Nf3 Nc6 6. d3 Be7 7. a3 h5 8. h4
Be6 9. b4 f6 10. Bb2 Qd7 11. Nbd2 Nb6 12. Rc1 Rb8 13. Ne4 Nd4 14. Bxd4 exd4 15.
O-O O-O 16. Nc5 Bxc5 17. bxc5 Nc8 18. c6 bxc6 19. Qa4 Rd8 20. Qxc6 Qxc6 21.
Rxc6 Bg4 22. Rfc1 Rb2 23. Kf1 Ra2 24. Rxc7 Rxa3 25. R7c4 Nb6 26. Rxd4 Re8 27.
Rd6 Re7 28. Nd4 Kf7 29. Be4 g6 30. Kg2 Ra4 31. e3 Ra3 32. Nb5 Ra5 33. Nxa7
Rexa7 34. Rxb6 Bd7 35. d4 Kg7 36. Rcb1 Bc8 37. Rb8 Rc7 38. Ra8 Bf5 39. Re8 Bd7
40. Reb8 Bc8 41. R1b2 g5 42. Rc2 Rxc2 43. Bxc2 Ba6 44. Bb3 g4 45. Be6 Be2 46.
Rb1 Bd3 47. Rc1 Rb5 48. Kg1 Be4 49. Bc4 Rb2 50. Bf1 Kf7 51. Bg2 Bd3 52. d5 Rd2
53. Rc7+ Kg6 54. e4 Rd1+ 55. Kh2 Rd2 56. Rc3 Bc2 57. e5 f5 58. Kg1 Rd1+ 59. Bf1
Be4 60. d6 f4 61. gxf4 Kf5 62. Re3 Kxf4 63. Kh2 Rxf1 64. Rxe4+ Kxe4 65. e6 Kf3
66. d7 Rxf2+ 67. Kg1 Rd2 68. e7 Rd1+ 0-1

[Event "Oberliga Ost B 2018 2019"]
[Site "?"]
[Date "2018.12.15"]
[Round "4.1"]
[White "Zimmermann, Hendrik"]
[Black "Nguyen, Huy Dat"]
[Result "1-0"]
[WhiteElo "2232"]
[BlackElo "2178"]
[PlyCount "111"]
[EventDate "2018.10.21"]
[EventType "team-tourn"]
[EventCountry "GER"]
[WhiteTeam "Frankfurt SC Koenig Nied"]
[BlackTeam "Erfurt SV Medizin"]
[WhiteTeamCountry "GER"]
[BlackTeamCountry "GER"]

1. e4 c5 2. Nf3 e6 3. d4 cxd4 4. Nxd4 a6 5. c4 Nf6 6. Nc3 Qc7 7. a3 Nc6 8. Be3
Be7 9. Be2 O-O 10. O-O d6 11. Rc1 Bd7 12. Qd2 Rac8 13. b4 Rfe8 14. f3 Ne5 15.
Nd1 Qb8 16. Nb2 h6 17. Kh1 Bf8 18. Rfd1 Kh7 19. Bf1 g6 20. Nb3 b5 21. c5 d5 22.
Na5 Nc6 23. Nxc6 Bxc6 24. e5 Nh5 25. Bd4 f5 26. g4 Ng7 27. Bd3 Be7 28. h3 Rg8
29. Kg2 Rcf8 30. Rh1 Bg5 31. f4 Bh4 32. Rcf1 g5 33. Kf3 gxf4 34. Qxf4 Qe8 35.
Ke2 Bg5 36. Qg3 Kh8 37. Kd1 Bd8 38. Qe3 Bg5 39. Qe2 fxg4 40. hxg4 Rxf1+ 41.
Rxf1 Qe7 42. Qf3 Ne8 43. Bc2 Qg7 44. Nd3 Be7 45. Nf4 Qxg4 46. Qxg4 Rxg4 47.
Ng6+ Rxg6 48. Bxg6 Kg8 49. Bf7+ Kg7 50. Bxe6 Kg6 51. Bf5+ Kg5 52. Be3+ Kh5 53.
Rh1+ Bh4 54. Rg1 Bg5 55. Bxg5 hxg5 56. Rh1# 1-0

[Event "Oberliga Ost B 2018 2019"]
[Site "?"]
[Date "2018.12.15"]
[Round "4.4"]
[White "Kirschbaum, Gunnar"]
[Black "Uwira, Oliver"]
[Result "1-0"]
[WhiteElo "2133"]
[BlackElo "2194"]
[PlyCount "49"]
[EventDate "2018.10.21"]
[EventType "team-tourn"]
[EventCountry "GER"]
[WhiteTeam "Erfurt SV Medizin"]
[BlackTeam "Frankfurt SC Koenig Nied"]
[WhiteTeamCountry "GER"]
[BlackTeamCountry "GER"]

1. d4 Nf6 2. c4 e6 3. Nc3 Bb4 4. e3 O-O 5. Bd3 c5 6. Nf3 Nc6 7. O-O Bxc3 8.
bxc3 d6 9. e4 e5 10. d5 Ne7 11. Nd2 Ng6 12. g3 Bh3 13. Re1 Qd7 14. Nf1 Ne8 15.
Ne3 Ne7 16. f4 g6 17. f5 gxf5 18. exf5 Nf6 19. Qf3 Kh8 20. g4 Bxg4 21. Nxg4
Nxg4 22. f6 Ng6 23. Bf5 Nh4 24. Qxg4 Nxf5 25. Bh6 1-0

[Event "Oberliga Ost B 2018 2019"]
[Site "?"]
[Date "2018.12.15"]
[Round "4.5"]
[White "Graf, Gerd"]
[Black "Mueller Ludwig, Kristin"]
[Result "1-0"]
[WhiteElo "2226"]
[BlackElo "2020"]
[PlyCount "63"]
[EventDate "2018.10.21"]
[EventType "team-tourn"]
[EventCountry "GER"]
[WhiteTeam "Frankfurt SC Koenig Nied"]
[BlackTeam "Erfurt SV Medizin"]
[WhiteTeamCountry "GER"]
[BlackTeamCountry "GER"]

1. Nf3 Nf6 2. g3 g6 3. Bg2 Bg7 4. d3 c5 5. O-O O-O 6. e4 Nc6 7. Nc3 d6 8. h3
Rb8 9. a4 a6 10. Be3 b5 11. axb5 axb5 12. Qd2 Bd7 13. Bh6 e5 14. Bxg7 Kxg7 15.
Ne2 Ra8 16. c3 Qb6 17. Nh4 Ra7 18. Nf5+ Bxf5 19. exf5 Rfa8 20. Rab1 Ra4 21. g4
R8a6 22. Ng3 Qa7 23. Kh1 Rf4 24. Ne2 Rfa4 25. f4 exf4 26. Nxf4 Ne5 27. g5 Ne8
28. f6+ Kg8 29. Rbe1 Ra1 30. d4 cxd4 31. cxd4 Rxe1 32. Rxe1 1-0

[Event "Oberliga Ost B 2018 2019"]
[Site "?"]
[Date "2018.12.15"]
[Round "4.6"]
[White "Reichel, Norbert"]
[Black "Perlitz, Sven"]
[Result "1/2-1/2"]
[WhiteElo "2097"]
[BlackElo "2091"]
[PlyCount "65"]
[EventDate "2018.10.21"]
[EventType "team-tourn"]
[EventCountry "GER"]
[WhiteTeam "Erfurt SV Medizin"]
[BlackTeam "Frankfurt SC Koenig Nied"]
[WhiteTeamCountry "GER"]
[BlackTeamCountry "GER"]

1. d4 Nf6 2. Nf3 g6 3. c4 Bg7 4. g3 O-O 5. Bg2 d5 6. cxd5 Nxd5 7. O-O Nc6 8.
Nc3 Nxc3 9. bxc3 Na5 10. Qa4 b6 11. Nd2 Bb7 12. Bxb7 Nxb7 13. Nf3 c5 14. Rd1
Qc8 15. Ba3 Rd8 16. Rac1 Qe6 17. Qc2 Rac8 18. dxc5 Nxc5 19. Bxc5 bxc5 20. c4 h6
21. Rxd8+ Rxd8 22. Rb1 Qc6 23. Nd2 f5 24. Rb3 Qa4 25. Nf1 e6 26. Ne3 Qa5 27.
Rd3 Bd4 28. Nd1 e5 29. e3 e4 30. Rd2 Be5 31. Rxd8+ Qxd8 32. Nc3 Bxc3 33. Qxc3
1/2-1/2

[Event "Oberliga Ost B 2018 2019"]
[Site "?"]
[Date "2018.12.15"]
[Round "4.7"]
[White "Goll, Christof"]
[Black "Nguyen, Ha Thanh"]
[Result "1-0"]
[WhiteElo "2047"]
[BlackElo "1898"]
[PlyCount "113"]
[EventDate "2018.10.21"]
[EventType "team-tourn"]
[EventCountry "GER"]
[WhiteTeam "Frankfurt SC Koenig Nied"]
[BlackTeam "Erfurt SV Medizin"]
[WhiteTeamCountry "GER"]
[BlackTeamCountry "GER"]

1. d4 Nf6 2. Bf4 g6 3. e3 Bg7 4. Nf3 d5 5. Nbd2 O-O 6. Bd3 Nc6 7. c3 Nh5 8. Bg5
f5 9. O-O Kh8 10. b4 a6 11. a4 Qe8 12. b5 Nd8 13. Qb3 c6 14. Qb4 Nf6 15. Bf4 a5
16. Qb3 Ne4 17. c4 Be6 18. cxd5 cxd5 19. Rac1 Bg8 20. Rfd1 Nf7 21. Rc7 Nfd6 22.
Be5 Rc8 23. Qc2 Be6 24. Nb3 b6 25. Rc1 Qd8 26. Bxg7+ Kxg7 27. Ne5 Kg8 28. f3
Nf6 29. Qc6 Rxc7 30. Qxc7 Re8 31. Qc6 Kf8 32. Nc5 bxc5 33. dxc5 Nd7 34. Nxd7+
Bxd7 35. Qxd5 Nf7 36. Bc4 e6 37. Qd4 Bc8 38. Qc3 Qc7 39. Be2 Qe5 40. Qxe5 Nxe5
41. Rd1 Nd7 42. Rc1 Nf6 43. b6 Nd5 44. e4 Nb4 45. c6 Re7 46. Bb5 Kf7 47. Rd1
Nxc6 48. Bxc6 Bb7 49. Rc1 Kf6 50. Kf2 Ke5 51. Ke3 f4+ 52. Kd3 Kd6 53. Bb5 Rg7
54. Kc4 e5 55. Rd1+ Ke6 56. Kc5 Re7 57. Rd6+ 1-0

[Event "Oberliga Ost B 2018 2019"]
[Site "?"]
[Date "2018.12.15"]
[Round "4.8"]
[White "Grund, Sebastian"]
[Black "Bittner, Peter"]
[Result "1-0"]
[WhiteElo "2050"]
[BlackElo "1847"]
[PlyCount "81"]
[EventDate "2018.10.21"]
[EventType "team-tourn"]
[EventCountry "GER"]
[WhiteTeam "Erfurt SV Medizin"]
[BlackTeam "Frankfurt SC Koenig Nied"]
[WhiteTeamCountry "GER"]
[BlackTeamCountry "GER"]

1. d4 Nf6 2. Nf3 d5 3. c4 c6 4. g3 g6 5. Bg2 Bg7 6. O-O O-O 7. cxd5 cxd5 8. Nc3
e6 9. b4 Nbd7 10. a4 Nb6 11. Nd2 Bd7 12. a5 Nc8 13. b5 Re8 14. Qb3 Nd6 15. Ba3
Bf8 16. Bxd6 Bxd6 17. e4 dxe4 18. Ncxe4 Nxe4 19. Nxe4 Bf8 20. Nc5 Bxc5 21. dxc5
Rb8 22. Rfd1 Qc8 23. Rd6 a6 24. c6 bxc6 25. Qd3 cxb5 26. Rxd7 b4 27. Rd6 b3 28.
Rc6 b2 29. Rb1 Qd8 30. Qxd8 Rexd8 31. Rb6 Rbc8 32. R6xb2 Rc5 33. Ra2 Rd6 34.
Bb7 g5 35. Rb6 Rd1+ 36. Kg2 g4 37. h3 h5 38. Rxa6 Rb1 39. Ra8+ Kg7 40. a6 Kf6
41. Rc8 1-0

[Event "Oberliga Ost B 2018 2019"]
[Site "?"]
[Date "2018.12.15"]
[Round "4.1"]
[White "Konopka, Michal"]
[Black "Mueller, Maximilian"]
[Result "1/2-1/2"]
[WhiteElo "2364"]
[BlackElo "2321"]
[PlyCount "131"]
[EventDate "2018.10.21"]
[EventType "team-tourn"]
[EventCountry "GER"]
[WhiteTeam "Schoeneck SF"]
[BlackTeam "Gernsheim SK"]
[WhiteTeamCountry "GER"]
[BlackTeamCountry "GER"]

1. Nf3 d5 2. g3 Nf6 3. Bg2 e6 4. d4 Nbd7 5. c4 dxc4 6. Nfd2 e5 7. Nxc4 exd4 8.
Qxd4 Bc5 9. Qd1 Ng4 10. e3 Nde5 11. Qxd8+ Kxd8 12. Nxe5 Nxe5 13. O-O c6 14. Bd2
f6 15. Rc1 Bd6 16. Bc3 Re8 17. Nd2 Bf5 18. Rd1 Kc7 19. Rac1 Bg4 20. f3 Bd7 21.
Bf1 h5 22. Kf2 h4 23. gxh4 Rh8 24. Ne4 Be7 25. Bg2 Rxh4 26. Bxe5+ fxe5 27. Nc5
Bf5 28. e4 Bc8 29. Kg3 Rh5 30. h3 Bh4+ 31. Kh2 Bf2 32. Rc2 Be3 33. b4 b6 34.
Nd3 Bxh3 35. Bxh3 Rah8 36. Nf2 Bxf2 37. Rxf2 Rxh3+ 38. Kg2 Rh2+ 39. Kf1 Rxf2+
40. Kxf2 Rh2+ 41. Ke3 Rxa2 42. Rg1 Ra3+ 43. Ke2 Rb3 44. Rxg7+ Kd6 45. Rg6+ Kd7
46. Rg7+ Kd8 47. Rxa7 Rxb4 48. Rh7 Rc4 49. Kd3 Rd4+ 50. Ke3 Rd6 51. f4 exf4+
52. Kxf4 b5 53. e5 Rd1 54. e6 Rd5 55. Rb7 Rh5 56. Ke4 b4 57. Kd3 Re5 58. Rxb4
Rxe6 59. Rh4 Kc7 60. Kc4 Kb6 61. Rg4 Re1 62. Rg5 Rc1+ 63. Kb3 c5 64. Rh5 Rg1
65. Rh8 Rg4 66. Kc3 1/2-1/2

[Event "Oberliga Ost B 2018 2019"]
[Site "?"]
[Date "2018.12.15"]
[Round "4.2"]
[White "Hebbering, Tom Elliot"]
[Black "Everett, Elijah"]
[Result "1/2-1/2"]
[WhiteElo "2218"]
[BlackElo "2225"]
[PlyCount "67"]
[EventDate "2018.10.21"]
[EventType "team-tourn"]
[EventCountry "GER"]
[WhiteTeam "Gernsheim SK"]
[BlackTeam "Schoeneck SF"]
[WhiteTeamCountry "GER"]
[BlackTeamCountry "GER"]

1. d4 Nf6 2. c4 g6 3. g3 Bg7 4. Bg2 O-O 5. Nc3 d6 6. Nf3 Nc6 7. O-O a6 8. b3
Rb8 9. d5 Na5 10. Bg5 c5 11. dxc6 Nxc6 12. Rc1 h6 13. Bd2 Kh7 14. Ne1 Bf5 15.
Nc2 Qd7 16. Ne3 Bh3 17. Ned5 Bxg2 18. Kxg2 b5 19. Nxf6+ Bxf6 20. cxb5 axb5 21.
Be3 Qb7 22. Kg1 Ra8 23. Qd5 Nd8 24. Qxb5 Qxb5 25. Nxb5 Rxa2 26. Bd4 Bxd4 27.
Nxd4 e5 28. Nb5 Rxe2 29. Nxd6 Ne6 30. Rfe1 Nd4 31. Kg2 Rxe1 32. Rxe1 Nxb3 33.
Rxe5 Nd4 34. Re8 1/2-1/2

[Event "Oberliga Ost B 2018 2019"]
[Site "?"]
[Date "2018.12.15"]
[Round "4.3"]
[White "Marchio, Enrico"]
[Black "Neumann, Martin"]
[Result "1-0"]
[WhiteElo "2311"]
[BlackElo "2095"]
[PlyCount "91"]
[EventDate "2018.10.21"]
[EventType "team-tourn"]
[EventCountry "GER"]
[WhiteTeam "Schoeneck SF"]
[BlackTeam "Gernsheim SK"]
[WhiteTeamCountry "GER"]
[BlackTeamCountry "GER"]

1. Nf3 c5 2. b3 Nf6 3. Bb2 e6 4. e3 b6 5. Be2 Bb7 6. O-O Be7 7. d4 O-O 8. c4 d6
9. Nc3 Nbd7 10. Qd3 a6 11. Rfd1 Qc7 12. Rac1 Rad8 13. Nd2 Ne8 14. d5 e5 15. e4
g6 16. g4 Ng7 17. Kh1 Kh8 18. Rg1 Bc8 19. Rg3 Bg5 20. Rcg1 Bf4 21. Rf3 g5 22.
Nf1 Nf6 23. Ne3 Qe7 24. Nf5 Bxf5 25. gxf5 g4 26. Rxf4 exf4 27. Bxg4 Nd7 28. Qh3
f6 29. Be2 Rg8 30. f3 Qf7 31. Nd1 Nh5 32. Nf2 Rxg1+ 33. Kxg1 Rb8 34. a4 Ne5 35.
Ng4 Ng7 36. Qh6 Ne8 37. Kf2 Qg7 38. Qxf4 h5 39. Nxe5 fxe5 40. Qh4 Nf6 41. Ke3
Qh6+ 42. f4 Rg8 43. Kd3 Re8 44. Bc3 Kh7 45. fxe5 dxe5 46. Bd2 1-0

[Event "Oberliga Ost B 2018 2019"]
[Site "?"]
[Date "2018.12.15"]
[Round "4.4"]
[White "Di Capua, Francesco Stefano"]
[Black "Nazarenus, Moritz"]
[Result "0-1"]
[WhiteElo "1915"]
[BlackElo "2270"]
[PlyCount "116"]
[EventDate "2018.10.21"]
[EventType "team-tourn"]
[EventCountry "GER"]
[WhiteTeam "Gernsheim SK"]
[BlackTeam "Schoeneck SF"]
[WhiteTeamCountry "GER"]
[BlackTeamCountry "GER"]

1. e4 c6 2. Nf3 d5 3. exd5 cxd5 4. Ne5 Nf6 5. d4 g6 6. Bb5+ Nbd7 7. O-O Bg7 8.
Qe2 O-O 9. Nxd7 Bxd7 10. c3 Re8 11. Nd2 Qb6 12. a4 Qd6 13. f4 Bxb5 14. Qxb5 Bh6
15. g3 Kh8 16. Nf3 Ne4 17. Ne5 Kg8 18. Qxb7 f6 19. Nc4 Qe6 20. Ne3 Red8 21. Qb5
f5 22. Qe2 Rab8 23. Nc2 Bg7 24. Ne1 Bf6 25. Nd3 h5 26. Re1 Qd6 27. Nf2 Rdc8 28.
Qe3 Rb3 29. Nd3 Kg7 30. a5 a6 31. Kg2 Rc4 32. Ne5 Rc7 33. Qd3 Kh7 34. Qc2 Rcb7
35. Nd3 Qc6 36. Rxe4 dxe4 37. Nc5 R3b5 38. Nxb7 Qxb7 39. b4 Qc6 40. Ra2 e3+ 41.
Kg1 e2 42. Qxe2 Qxc3 43. Rc2 Qxd4+ 44. Kg2 Qxb4 45. Rc6 Rxa5 46. Bd2 Qb7 47.
Qc4 Ra2 48. Qxa2 Qxc6+ 49. Kh3 Kg7 50. Qb1 Qd5 51. Qe1 Qf3 52. Bb4 h4 53. Bc5
a5 54. Qg1 a4 55. Bb6 a3 56. Bc5 a2 57. Bd4 Qg4+ 58. Kg2 h3+ 0-1